<?xml version="1.0" encoding="UTF-8"?><?xml-stylesheet type="text/xsl" href="static/style.xsl"?><OAI-PMH xmlns="http://www.openarchives.org/OAI/2.0/" xmlns:xsi="http://www.w3.org/2001/XMLSchema-instance" xsi:schemaLocation="http://www.openarchives.org/OAI/2.0/ http://www.openarchives.org/OAI/2.0/OAI-PMH.xsd"><responseDate>2026-04-17T02:59:00Z</responseDate><request verb="GetRecord" identifier="oai:www.recercat.cat:2072/457642" metadataPrefix="marc">https://recercat.cat/oai/request</request><GetRecord><record><header><identifier>oai:recercat.cat:2072/457642</identifier><datestamp>2025-10-13T07:41:52Z</datestamp><setSpec>com_2072_98</setSpec><setSpec>col_2072_378192</setSpec></header><metadata><record xmlns="http://www.loc.gov/MARC21/slim" xmlns:dcterms="http://purl.org/dc/terms/" xmlns:xsi="http://www.w3.org/2001/XMLSchema-instance" xmlns:doc="http://www.lyncode.com/xoai" xsi:schemaLocation="http://www.loc.gov/MARC21/slim http://www.loc.gov/standards/marcxml/schema/MARC21slim.xsd">
   <leader>00925njm 22002777a 4500</leader>
   <datafield ind2=" " ind1=" " tag="042">
      <subfield code="a">dc</subfield>
   </datafield>
   <datafield ind2=" " ind1=" " tag="720">
      <subfield code="a">Gonzalez, Erika</subfield>
      <subfield code="e">author</subfield>
   </datafield>
   <datafield ind2=" " ind1=" " tag="260">
      <subfield code="c">2021</subfield>
   </datafield>
   <datafield ind2=" " ind1=" " tag="520">
      <subfield code="a">Guillermo Orozco es un reconocido académico mexicano, Doctor en Educación por la Universidad de Harvard, miembro emérito del Sistema Nacional de Investigaciones y coordinador de la Cátedra de Alfabetización Mediática Informacional y Diálogo Intercultural (Universidad de Guadalajara y UNESCO-UNAOC (United Nations Alliance of Civilizations). Ha desarrollado estudios de recepción y alfabetización audiovisual, enfocándose en la producción, mediación y las estrategias pedagógicas de intervención con los medios, especialmente la televisión. Sus aportaciones son una referencia para los profesionales de la comunicación y educación en América Latina. Es autor y coautor de numerosos libros, entre los que destacan: Televisión y producción de significados (1994), Audiencias, Televisión y Educación (2001), Recepción y mediaciones (2002), La televisión de proximidad en el entorno transmedia (2017), etc.</subfield>
   </datafield>
   <datafield ind2=" " ind1=" " tag="520">
      <subfield code="a">Guillermo Orozco és un reconegut acadèmic mexicà, Doctor en Educació per la Universitat de Harvard, membre emèrit de el Sistema Nacional d'Investigacions i coordinador de la Càtedra d'Alfabetització Mediàtica informacional i Diàleg Intercultural (Universitat de Guadalajara i UNESCO-UNAOC, United Nations Alliance of Civilizations). Ha desenvolupat estudis de recepció i alfabetització audiovisual, enfocant-se en la producció, mediació i les estratègies pedagògiques d'intervenció amb els mitjans, especialment la televisió. Les seves aportacions són una referència per als professionals de la comunicació i educació a Amèrica Llatina. És autor i coautor de nombrosos llibres, entre els quals destaquen: Televisió i producció de significats (1994), Audiències, televisió i Educació (2001), Recepció i mediacions (2002), La televisió de proximitat en l'entorn transmèdia (2017), etc.</subfield>
   </datafield>
   <datafield ind2=" " ind1=" " tag="520">
      <subfield code="a">Guillermo Orozco is a renowned Mexican academic, Doctor of Education (Harvard University), emeritus member of the National Research System and coordinator of the Chair of Informational Media Literacy and Intercultural Dialogue (University of Guadalajara and UNESCO-UNAOC (United Nations Alliance of Civilizations He has developed audio-visual reception and literacy studies, focusing on production, mediation and pedagogical intervention strategies with the media, especially television. His contributions are a reference for communication and education professionals in Latin America. He has authored and co-authored a number of books, among which: Television and production of meanings (1994), Audiences, Television and Education (2001), Reception and mediations (2002), Proximity television in the transmedia environment (2017), etc.</subfield>
   </datafield>
   <datafield ind2=" " ind1=" " tag="520">
      <subfield code="a">Guillermo Orozco est un réputé universitaire mexicain, docteur en éducation de l'Université Harvard, membre émérite du Système national de recherche et coordinateur de la Chaire d'alphabétisation médiatique et de dialogue interculturel (Université de Guadalajara et UNESCO-UNAOC (Alliance des civilisations des Nations Unies). Il a développé des études de réception audiovisuelle et d'alphabétisation, axées sur les stratégies de production, de médiation et d'intervention pédagogique avec les médias, en particulier la télévision. Ses contributions sont une référence pour les professionnels de la communication et de l'éducation en Amérique Latine. Il est auteur et co-auteur de nombreux livres, parmi lesquels : Télévision et production de sens (1994), Publics, Télévision et Éducation (2001), Accueil et médiations (2002), Télévision de proximité en milieu transmédia (2017), etc.</subfield>
   </datafield>
   <datafield tag="653" ind2=" " ind1=" ">
      <subfield code="a">Alfabetización mediática</subfield>
   </datafield>
   <datafield tag="653" ind2=" " ind1=" ">
      <subfield code="a">Educación</subfield>
   </datafield>
   <datafield tag="653" ind2=" " ind1=" ">
      <subfield code="a">Tecnología</subfield>
   </datafield>
   <datafield tag="653" ind2=" " ind1=" ">
      <subfield code="a">Enseñanza</subfield>
   </datafield>
   <datafield tag="653" ind2=" " ind1=" ">
      <subfield code="a">Aprendizaje</subfield>
   </datafield>
   <datafield tag="653" ind2=" " ind1=" ">
      <subfield code="a">Alfabetització mediàtica</subfield>
   </datafield>
   <datafield tag="653" ind2=" " ind1=" ">
      <subfield code="a">Educació</subfield>
   </datafield>
   <datafield tag="653" ind2=" " ind1=" ">
      <subfield code="a">Tecnologia</subfield>
   </datafield>
   <datafield tag="653" ind2=" " ind1=" ">
      <subfield code="a">Ensenyament</subfield>
   </datafield>
   <datafield tag="653" ind2=" " ind1=" ">
      <subfield code="a">Aprenentatge</subfield>
   </datafield>
   <datafield tag="653" ind2=" " ind1=" ">
      <subfield code="a">Media literacy</subfield>
   </datafield>
   <datafield tag="653" ind2=" " ind1=" ">
      <subfield code="a">Education</subfield>
   </datafield>
   <datafield tag="653" ind2=" " ind1=" ">
      <subfield code="a">Technology</subfield>
   </datafield>
   <datafield tag="653" ind2=" " ind1=" ">
      <subfield code="a">Teaching</subfield>
   </datafield>
   <datafield tag="653" ind2=" " ind1=" ">
      <subfield code="a">Learning</subfield>
   </datafield>
   <datafield tag="653" ind2=" " ind1=" ">
      <subfield code="a">Éducation aux médias</subfield>
   </datafield>
   <datafield tag="653" ind2=" " ind1=" ">
      <subfield code="a">Éducation</subfield>
   </datafield>
   <datafield tag="653" ind2=" " ind1=" ">
      <subfield code="a">La technologie</subfield>
   </datafield>
   <datafield tag="653" ind2=" " ind1=" ">
      <subfield code="a">Enseignement</subfield>
   </datafield>
   <datafield tag="653" ind2=" " ind1=" ">
      <subfield code="a">Apprentissage</subfield>
   </datafield>
   <datafield ind2="0" ind1="0" tag="245">
      <subfield code="a">La alfabetización mediática e informacional : injerencia y perspectiva en América Latina. Entrevista con Guillermo Orozco, investigador en comunicación</subfield>
   </datafield>
</record></metadata></record></GetRecord></OAI-PMH>